El lenguaje del arte /
Guardado en:
| Autor Principal: | |
|---|---|
| Formato: | Libro |
| Publicado: |
Buenos Aires :
Paidós,
1997
|
| Series: | Instrumentos Paidós
|
| Materias: | |
| Etiquetas: |
Agregar Etiqueta
Sin Etiquetas, Sea el primero en etiquetar este registro!
|
| LEADER | 00815nam a22002295a 4500 | ||
|---|---|---|---|
| 001 | CEM.cems009617 | ||
| 005 | 20080826074240.0 | ||
| 008 | 130507s1997##################000#0#####d | ||
| 003 | CEMS | ||
| 020 | |a 9501279014 | ||
| 082 | 0 | 4 | |a 410 |
| 100 | 1 | |a Calabrese, Omar | |
| 245 | 1 | 0 | |a El lenguaje del arte / |c Omar Calabrese |
| 260 | |a Buenos Aires : |b Paidós, |c 1997 | ||
| 300 | |a 279 p. | ||
| 490 | 0 | |a Instrumentos Paidós | |
| 500 | |a Red Federal de Formación Docente Continua | ||
| 505 | 0 | |a La crítica artística presemiótica -- Semiótica y estética -- Tradiciones y problemas de la semiótica de las artes -- Las tendencias actuales | |
| 653 | |a Semiótica | ||
| 653 | |a Linguística | ||
| 859 | |a CEMS |b BIB. CEMS - 11 de abril |h 410 |i C12 |p 19481.98 |t Ej.1 | ||
| 859 | |a CEMS |b BIB. CEMS - 11 de abril |h 410 |i C12 |p 19482.98 |t Ej.2 | ||
